Rada Európy 800 miliónov Európanov
Gespeichert in:
| Format: | Buch |
|---|---|
| Sprache: | Slowakisch Englisch |
| Veröffentlicht: |
Bratislava
Informačná kancelária Rady Európy
[2002]
|
| Schlagworte: | |
| Tags: |
Keine Tags, Fügen Sie das erste Tag hinzu!
|
MARC
| LEADER | 00000nam a2200000 4500 | ||
|---|---|---|---|
| 001 | c141126 | ||
| 005 | 20221124092742.1 | ||
| 020 | |a 80-968628-5-5 | ||
| 041 | 0 | |a slo | |
| 041 | 0 | |a eng | |
| 044 | |a SK | ||
| 245 | 1 | 0 | |a Rada Európy |b 800 miliónov Európanov |
| 264 | 1 | |a Bratislava |b Informačná kancelária Rady Európy |c [2002] | |
| 300 | |a 112 s. | ||
| 610 | 2 | 0 | |a organizácie medzinárodné |
| 610 | 2 | 0 | |a štruktúra organizačná |
| 610 | 2 | 0 | |a ministerstvá |
| 610 | 2 | 0 | |a parlamenty |
| 610 | 2 | 0 | |a práva ľudské |
| 610 | 2 | 0 | |a médiá |
| 610 | 2 | 0 | |a zdravotníctvo |
| 610 | 2 | 0 | |a kultúra |
| 610 | 2 | 0 | |a vzdelávanie |
| 610 | 2 | 0 | |a prostredie životné |
| 610 | 2 | 0 | |a šport |
| 610 | 2 | 0 | |a mládež |
| 610 | 2 | 0 | |a zákony |
| 610 | 2 | 0 | |a Rada Európy |
| 610 | 2 | 0 | |a Európa |
| 610 | 2 | 0 | |a Slovensko |